Представление документа в формате RUSMARC

ПолеНазваниеЗначение
  Тип записи a
  Библиографический уровень m
001 Контрольный номер RU/IS/BASE/447856589
005 Дата корректировки 20260518092600.6
010 Индекс ISBN __
d Цена 0-35
100 Данные общей обработки __
a Данные общей обработки 20221201d1983 m y0rusy028902 ca
101 Язык документа 0_
a Язык текста rus
102 Страна публикации __
a Страна публикации RU
105 Кодированные данные (монография) __
a Кодированные данные (монография) a z 000ay
181 Поле кодированных данных: вид содержания _0
a Код вида содержания (ISBD) i
182 Поле кодированных данных: тип средства _0
a Код типа средства (ISBD) n
200 Заглавие и сведения об ответственности 1_
a Заглавие Слепой музыкант
e Сведения, относящиеся к заглавию повесть : [для сред. шк.]
f Первые сведения об ответственности Короленко В. Г.
b Общее обозначение материала Текст
210 Выходные данные 1_
a Место издания М.
c Издательство Дет. лит.
d Дата издания 1983
215 Физическое описание __
a Объем 126 с.
c Иллюстрации/тип воспроизводства ил.
225 Серия 2_
a Серия Школьная библиотека
606 Тематические рубрики __
a Основная рубрика Художественная литература
z Хронологическая подрубрика 19 в.
y Географическая подрубрика Россия
2 Код системы nlr_sh
606 Тематические рубрики __
a Основная рубрика Русская литература XIX в. (произведения)
2 Код системы nlr_sh
610 Ключевые слова 0_
a Ключевые слова детская литература; дети; повести; музыка; музыканты
686 Индексы других классификаций __
a Классификационный индекс ст84(2Рос=Рус)1-4
2 Код системы rubbks
700 Автор _1
a Фамилия Короленко
b Имя В. Г.
4 Код отношения 070
702 Вторичная интеллектуальная ответственность _1
a Фамилия Соколова
b Имя М. А.
4 Код отношения 080
702 Вторичная интеллектуальная ответственность _1
a Фамилия Константиновский
b Имя А.
4 Код отношения 440
801 Источник записи _0
a Страна RU
b Организация Муниципальное бюджетное учреждение культуры "Централизованная библиотечная система" г. Сургут (Центральная городская библиотека им. А. С. Пушкина)
g Правила каталогизации ЦДБ/Симакова
801 Источник записи _1
a Страна RU
b Организация Муниципальное бюджетное учреждение культуры "Централизованная библиотечная система" г. Сургут (Центральная городская библиотека им. А. С. Пушкина)
g Правила каталогизации ЦДБ/Симакова
852 Данные о местонахождении __
j Шифр хранения ст84(2Рос=Рус)1-4
c Каталожный индекс ст84(2Рос=Рус)1-4
i Авторский знак К 68
p Инвентарный номер 16001
901 Тип документа __
t Тип документа m
903 Характеристики (МАРС) __
a Дата передачи 20060908
990 Данные о заказе (DOS) __
j Количество экземпляров (DOS) 2
t N записи в КСУ для И/У (DOS) ретр